Rudiments of algebraic geometry /
Guardado en:
| Autor Principal: | |
|---|---|
| Formato: | Libro |
| Idioma: | English |
| Publicado: |
New York :
Oxford University Press,
1963.
|
| Series: | University texts in the mathematical sciences
|
| Materias: | |
| Etiquetas: |
Agregar Etiqueta
Sin Etiquetas, Sea el primero en etiquetar este registro!
|
| LEADER | 00664nam a22002055a 4500 | ||
|---|---|---|---|
| 001 | MAT.inmabb005214 | ||
| 008 | 840612s1963####nyua#####b####001#0#eng## | ||
| 005 | 20130304125829.0 | ||
| 245 | 1 | 0 | |a Rudiments of algebraic geometry / |c W. E. Jenner. |
| 260 | |a New York : |b Oxford University Press, |c 1963. | ||
| 300 | |a x, 104 p. : |b il. ; |c 21 cm. | ||
| 440 | 0 | |a University texts in the mathematical sciences | |
| 504 | |a Bibliografía: p. 101. | ||
| 510 | 4 | |a MR, |c 26 #4993 | |
| 100 | 1 | |a Jenner, William Elliott, |d 1924- | |
| 650 | 0 | |a Geometry, Algebraic. | |
| 084 | |a 14-01 |2 msc2000 | ||
| 010 | |a 63007867 | ||
| 040 | |a DLC/ICU |c ICU |d DLC | ||
| 859 | |h 14 |i J54 |p A-2304 |b BIB. MATEMATICA | ||
